Normal view
MARC view
Entry Personal Name
001 - CONTROL NUMBER
- control field: 195724
003 - CONTROL NUMBER IDENTIFIER
- control field: OSt
005 - DATE AND TIME OF LATEST TRANSACTION
- control field: 20250128101743.0
008 - FIXED-LENGTH DATA ELEMENTS
- fixed length control field: 250128|| aca||aabn | a|a d
040 ## - CATALOGING SOURCE
- Original cataloging agency: OSt
- Transcribing agency: OSt
100 ## - HEADING--PERSONAL NAME
- Personal name: LAKSHMANARAV(J R)
- Dates associated with a name: ಲಕ್ಷ್ಮಣರಾವ್(ಜೆ ಆರ್)
670 ## - SOURCE DATA FOUND
- Source citation: Work cat.: (OSt)85102: BRECHT (Bertolt) 60655 ಬ್ರೆಕ್ಟ್ (ಬರ್ಟೋಲ್ಟ್) , Geliliyo ಗೆಲಿಲಿಯೋ , 1980